LEADER 00857nam0-22002771i-450- 001 990008635020403321 005 20090808164553.0 035 $a000863502 035 $aFED01000863502 035 $a(Aleph)000863502FED01 035 $a000863502 100 $a20080317d2006----km-y0itay50------ba 101 0 $aita 102 $aIT 105 $ay---p---001yy 200 1 $aProgramma operativo regionale 2000-2006$etesto aggiornato alla decisione della Commissione Europea del 15 dicembre 2004$fRegione Campania 210 $aNapoli$cArti grafiche Solimene$d2006 215 $a305 p.$d30 cm 710 01$aCampania$c$0270004 801 0$aIT$bUNINA$gRICA$2UNIMARC 901 $aBK 912 $a990008635020403321 952 $a62 338.43 REG$b10050$fDAGEA 959 $aDAGEA 996 $aProgramma operativo regionale 2000-2006$9713618 997 $aUNINA LEADER 00801nam0-22002771i-450- 001 990003947780403321 035 $a000394778 035 $aFED01000394778 035 $a(Aleph)000394778FED01 035 $a000394778 100 $a20030318d1959----km-y0itay50------ba 101 0 $aeng 200 1 $aTextbook of economics$fby Milton Briggs anf Percy Jordan 205 $a8th ed.$frevised by R.A. Mackness 210 $aLondon$cUniversity Tutorial Press$d1959 215 $a583 p.$cill.$d22 cm 700 1$aBriggs,$bMilton$0139489 701 1$aJordan,$bPercy$0148590 801 0$aIT$bUNINA$gRICA$2UNIMARC 901 $aBK 912 $a990003947780403321 952 $aC/1 BRI$b02971$fSES 952 $aC/1 BRI$b029713$fSES 959 $aSES 996 $aTextbook of economics$9513807 997 $aUNINA